01650nam a2200361 i 4500001001000000003000900010005001700019007000300036008004100039040003000080041000800110082002200118100005000140245010300190250002200293264007200315300004500387336002700432337003300459338002800492504003700520590002600557600003900583630008600622650003200708650002100740910003700761942001400798952013400812952016500946952016001111999001701271000016373DO-SdBNP20250925132227.0ta100304s2008 dr a 001 0 spa d aDO-SdBNPbspacBNPHUerda aspa 4a922.22bR789v2221 aRosario Goris, P. José,eautor4aut.93651113aLa vida de San Pablo :bhombre de su tiempo, modelo para hoy /cReverendo P. José Rosario Goris. aPrimera edición 1aSanto Domingo, República Dominicana : bAmigo del Hogar, c2008. a180 páginas :bilustraciones ;c23 cm. atextobtxt2rdacontent asin mediaciónbn2rdamedia avolumenbnc2rdacarrier aBibliografía: página 179-180 aInventariado, 2025/BT14aPablo,cEl Apóstol, Santo936512 4aBiblia.pN.T.pepístolas de San PabloxCrítica, interpretación, etc.936513 4aSantosvBIOGRAFÍAS936514 4aApóstoles9886 aValidado. Control de calidad EMS 2ddccLBS1 00102ddc51708PDaBNPHUbBNPHUcHDd2010-03-04l0oBNPHU PD 922.22 R789vp16373-10r2020-06-25w2020-06-25yLBS1ZNo se presta 00102ddc51708PDaBNPHUbBNPHUcHDd2025-09-19eDonado por el Ministerio de la Mujerl0oBNPHU PD 922.22 R789vp2025-10550r2025-09-19te.2w2025-09-19yLBS1 00102ddc56708DSaBNPHUbBNPHUcHDd2025-09-19eDonado por Sonia Santos Mayísl0oBNPHU DS 922.22 R789vp2025-10551r2025-09-19te.3w2025-09-19yLBS1 c15908d15908